000 00813cab a2200253 4500
001 WB2940-22
008 090401t1993 xxu||||| |||| 00| 0 eng d
035 _a(Sirsi) u58890
041 _aeng
245 _aResources for defective housing
260 _c1993
350 _a0
490 _aScottish Office News Release
_v(1570/93) 21 October 1993 (2)
520 _aA further £2m have been granted to 12 Scottish local authorities to assist them repurchase defective houses sold to tenants under the Right to Buy scheme, or to provide repair grants.
650 _aDEFECTIVE HOUSES
650 _aHOUSING (SCOTLAND) ACT 1987
650 _aHOUSING DEFECTS
650 _aREINSTATEMENT
650 _aREPURCHASE
650 _aSCOTLAND
690 _aHOUSING-FINANCE
942 _n0
948 _c04/03/1997
999 _c36020
_d36020